000 00640nam a2200205Ia 4500
005 20260121110130.0
008 008 260114s9999 xx 000 0 hin d
020 _a9788132366683
037 _aEBOOK
040 _aCRL
_bhin
_cCRL
041 _ahin
_2hin
084 _qCRL
100 _aआशीष व्यास / Ashish Vyas
_9942444
245 0 _aमोटरवाहन रखरखाव / Motorvahan rakh-rakhav
260 _bभाषा प्रकाशन / Bhasha Prakashan
_c2021
856 _uhttps://bhashaprakashan.com/product-details/379525
942 _cEBOOK
999 _c1534109
_d1534109